name every country starting with a vowel - Statistics

General Stats
  • This quiz has been taken 40 times
  • The average score is 23 of 36
Answer Stats
Answer % Correct
uk
86%
australia
83%
usa
83%
albania
81%
iceland
81%
ireland
81%
oman
81%
uruguay
81%
andorra
78%
india
78%
angola
75%
austria
75%
indonesia
75%
uzbekistan
75%
afghanistan
72%
estonia
72%
algeria
69%
armenia
69%
iran
69%
iraq
69%
antigua barbuda
67%
ecuador
67%
israel
67%
ethiopia
64%
italy
64%
eritrea
61%
uganda
58%
east timor
53%
el salvador
53%
eswatini
53%
ukraine
53%
egypt
47%
yemen
47%
equatorial guinea
36%
azerbijan
17%
argenitina
0%
No matching quizzes found
Score Distribution
Percent of People with Each Score
Percentile by Number Answered
Your Score History
You have not taken this quiz